000 00700nam a22002537a 4500
003 UA-OsUOA
001 22084
007 ta
008 20031216b un ||||| |||| 00| 0 ukr d
090 _a008(09)(470)
_bИ32
942 _cBK
040 _aUA-OsUOA
_brus
_cUA-OsUOA
_dUA-OsUOA
245 _aИз истории русской культуры
_bХІХ век
_cСост. Б.Ф.Егоров А.Д.Кошелев
300 _a848 с.
955 _a0
041 _arus
080 _a008(09)(470)
020 _a5-7859-0004-1
260 _aМосква
_bШкола "Языки русской культуры"
_c1996
246 3 1 _aТ.5
_n
044 _aRU
650 7 _2UDC
999 _c308297
_d308297